000 00683nam a22002417a 4500
001 001246
003 DO-SdBNP
005 20180118092422.0
007 001246
008 160523b1997 cl |||| |||| 00| 0 spa d
020 _a9580432554
040 _aBPMSU
_bspa
_cBPMSU
100 _aStine, R. L.
_d1943-
245 _aEl campo de las pesadillas /
_c R. L. Stine ; traducción Manuel Ravassa.
260 _aBarcelona :
_bEditorial Norma,
_c1997
300 _a142 p. ;
_b 18 cm.
490 _aEscalofríos
_v9
700 _aRavassa, Manuel
_etr.
830 _aEscalofríos
_v9
942 _2ddc
_cBK
945 _ainventariado, 2018 / dg
956 _aVMATEO
_b10
_c20160523
_dBPMSU
_f0069
999 _c10202
_d10202